| 000 | 00740cab a2200229 4500 | ||
|---|---|---|---|
| 001 | ABS56363 | ||
| 008 | 090401t1996 xxu||||| |||| 00| 0 eng d | ||
| 035 | _a(Sirsi) u23114 | ||
| 041 | _aeng | ||
| 100 | _aSmit, J. | ||
| 245 | _aBonnie on Clyde | ||
| 260 | _c1996 | ||
| 350 | _a0 | ||
| 490 |
_aBuilding Procurement _vDecember 1996, 5-9(4) |
||
| 520 | _aLooks at how the ability to develop a complex steel framework three dimensionally on computer helped the designers of the new Glasgow Conference centre. | ||
| 650 | _a3D COMPUTER MODELLING TECHNIQUES | ||
| 650 | _aGLASGOW CONFERENCE CENTRE | ||
| 650 | _aWATSON STEEL | ||
| 690 | _aMANAGEMENT-BUSINESS MANAGEMENT-INFORMATION MANAGEMENT | ||
| 942 | _n0 | ||
| 948 | _c04/03/1997 | ||
| 999 |
_c15483 _d15483 |
||